| 000 | 01300nam a2200337 a 4500 | ||
|---|---|---|---|
| 001 | 000113114 | ||
| 003 | CHAP | ||
| 005 | 20220329144339.0 | ||
| 008 | 170425s2016 mx sm |||||||spa d | ||
| 010 | _a109575 | ||
| 011 | _a110547 | ||
| 040 | _cCHAP | ||
| 090 | _aTesis | ||
| 100 | 1 |
_aAnaya Arvizu, Amairani Zuleyma _9132004 |
|
| 245 | 1 | 3 |
_aLa producción de maíz como eje de desarrollo local de los ejidos Santa Rosa Xajay y Las Palomas, del municipio San Juan del Rio, Querétaro _h[En línea] _cpor Amairani Zuleyma Anaya Arvizu. |
| 260 |
_aChapingo, Méx. : _bEl autor, _c2016. |
||
| 500 | _aPara ver el contenido del material haga clic en la liga | ||
| 502 | _aTesis (M.C. en Desarrollo Rural Regional) -- UACH. Dirección de Centros Regionales Universitarios | ||
| 590 |
_aBATCH _b00 _c20181121 _lUCH01 _h0758 |
||
| 590 |
_aE11695DGD _b10 _c20170428 _lUCH01 _h1017 |
||
| 590 |
_aE5765TAJ _b05 _c20170425 _lUCH01 _h1114 |
||
| 590 |
_aE5765TAJ _b05 _c20170425 _lUCH01 _h1115 |
||
| 650 | 1 | 4 |
_aDesarrollo de la comunidad _zQuerétaro. _931987 |
| 650 | 1 | 4 |
_aMaíz _xAspectos económicos. _970865 |
| 650 | 1 | 4 |
_aMaíz _xProducción. _971041 |
| 856 |
_a1 _n0000345 |
||
| 856 |
_aFinding aid _uhttp://10.13.5.2/tesis/sist113114.pdf _zTeclea aquí |
||
| 901 | _aBK | ||
| 942 | _cTESIS | ||
| 942 | _n0 | ||
| 999 |
_c109575 _d109575 |
||